000 00943nam a22002055i 4500
001 157942
003 ES-MaACL
005 20250902063109.0
008 040820s1888 it |||| | ita d
040 _aCAM
_bspa
_cCAM
100 1 _aLombroso, Cesare,
_d1835-1909
_9242173
245 1 0 _aTroppo presto
_b: apunti al nuevo progetto di codice penale /
_cCesare Lombroso; con appendici di A. Berenini Sul duello, X. ed Y. Sulla retroattività delle sentenze passate in giudicato e Sulle pene, ecc., V. Rossi Sul regionalismo in Italia.
260 _aTorino [etc.] :
_bFratelli Bocca,
_c1888 (
_fTip. e Lit. Camilla e Bertolero)
300 _a96 p., [1] h. pleg. ;
_c26 cm.
650 7 _aDerecho penal-
_zItalia
_2
_9155394
700 1 1 _aRossi, Virgilio.
_9132082
700 1 1 _aBerenini, A.
_9125929
852 _aES-MaACL
_jT-1089-F-6
_z-- Enc. hol. conservando la cub. original
_z-- Enc. en un vol. facticio
999 _c157942
_d157942